| 000 | 00620nam a22002057a 4500 | ||
|---|---|---|---|
| 005 | 20130619115938.0 | ||
| 010 | _aENG-107309 | ||
| 020 |
_a9788183163293 _c900.00 |
||
| 035 | _aEN-90842 | ||
| 037 | _bDBAD/PUB | ||
| 082 | _a530 | ||
| 100 | _aVanaja, M. | ||
| 245 |
_aMethods of teaching physical science / _cby M. Vanaja [and] V. Sudhakar |
||
| 260 |
_aHyderabad _bNeelkamal Publications _c2012 |
||
| 270 |
_aSultan Bazar _bHyderabad _e500095 |
||
| 300 |
_axvi,422p. _c24cm(Hb) |
||
| 500 | _aIncludes bibliographical references and index | ||
| 700 | _aSudhakar, V. | ||
| 942 |
_2ddc _cEN _mVAN _h530 |
||
| 999 |
_c76223 _d76223 |
||